| 000 | 00669nam a2200205 i 4500 | ||
|---|---|---|---|
| 001 | 9226 | ||
| 003 | ES-MaACL | ||
| 005 | 20230906145631.0 | ||
| 007 | t| | ||
| 008 | 930525m1992 sp ||||1| spa d | ||
| 020 | _a84-321-2852-X | ||
| 080 | _a8(03) | ||
| 245 | 0 | 0 |
_aGran enciclopedia de la literatura universal / _c[coordinación, Carlos Rodríguez Eguía]. |
| 260 |
_aMadrid : _bRialp, _cD.L. 1992- |
||
| 300 |
_av. : _bil. ; _c28 cm. |
||
| 505 | 8 | _av.1. A-Becc -- v.2. Beck-Cech -- v.3. Cede-Ems -- v.4. En-Gue | |
| 650 | 4 |
_aLiteratura- _vEnciclopedias. _914487 |
|
| 700 | 1 |
_aRodríguez Eguía, Carlos, _ecoord. _998503 |
|
| 852 |
_aES-MaACL _jP-1936 bis _bR.121430 |
||
| 999 |
_c9226 _d9226 |
||